|
|
|
|
| LEADER |
00000cam a2200000 7i4500 |
| 001 |
0000002172 |
| 005 |
20030319.0 |
| 020 |
0 |
0 |
|a 9832181356
|
| 090 |
0 |
0 |
|a 354.5509595
|b FRIM 2002
|
| 245 |
0 |
0 |
|a FRIM in the news :
|b making headlines in tropical forestry research :
|b cuttings 1996-2002
|
| 260 |
0 |
0 |
|a Kuala Lumpur :
|b Institut Penyelidikan Perhutanan Malaysia ,
|c 2002
|
| 300 |
|
|
|a 128 p. :
|b ill. ;
|c 25x21 cm.
|
| 650 |
0 |
0 |
|a Forests and forestry
|
| 710 |
1 |
1 |
|a Institut Penyelidikan Perhutanan Malaysia (FRIM)
|
| 998 |
|
|
|a JPSM
|
| 999 |
|
|
|a 0000003561
|b Monograph
|c Open Shelf
|e Default branch
|
| 999 |
|
|
|a 0000003630
|b Monograph
|c Open Shelf
|e Default branch
|